L'homme avant les métaux / (Record no. 156399)

MARC details
000 -LEADER
campo de control de longitud fija 00966nam a22002175i 4500
001 - NÚMERO DE CONTROL
campo de control 156399
003 - IDENTIFICADOR DE NÚMERO DE CONTROL
campo de control ES-MaACL
005 - FECHA Y HORA DE LA ÚLTIMA TRANSACCIÓN
campo de control 20250807234524.0
008 - DATOS DE LONGITUD FIJA--INFORMACIÓN GENERAL
campo de control de longitud fija 981207s1879 fr af |||| | fre d
040 ## - FUENTE DE CATALOGACIÓN
Centro catalogador/agencia de origen CCPB | B
Lengua de catalogación spa
Centro/agencia transcriptor CCPB | B
080 ## - NÚMERO DE LA CLASIFICACIÓN DECIMAL UNIVERSAL
Número de la Clasificación Decimal Universal 903
100 1# - ENTRADA PRINCIPAL--NOMBRE DE PERSONA
Nombre de persona Joly, Nicolas,
Fechas asociadas al nombre 1812-1885
9 (RLIN) 128339
245 12 - MENCIÓN DEL TÍTULO
Título L'homme avant les métaux /
Mención de responsabilidad, etc. par N. Joly.
260 ## - PUBLICACIÓN, DISTRIBUCIÓN, ETC.
Lugar de publicación, distribución, etc. Paris :
Nombre del editor, distribuidor, etc. Librairie Germer Baillière et C.,
Fecha de publicación, distribución, etc. 1879.
300 ## - DESCRIPCIÓN FÍSICA
Extensión VIII, 328 p., il., [1] h. de lám. ;
Dimensiones 20 cm.
490 1# - MENCIÓN DE SERIE
Mención de serie Bibliothèque scientifique internationale ;
Designación de volumen o secuencia 30
650 07 - PUNTO DE ACCESO ADICIONAL DE MATERIA--TÉRMINO DE MATERIA
Término de materia o nombre geográfico como elemento de entrada Hombre prehistórico
Fuente del encabezamiento o término embne
9 (RLIN) 13455
830 0# - PUNTO DE ACCESO ADICIONAL DE SERIE-TÍTULO UNIFORME
Título uniforme Bibliothèque scientifique internationale ;
Designación de volumen o secuencia 30
9 (RLIN) 186949
852 ## - LOCALIZACIÓN
Ubicación ES-MaACL
Número de control de estantería F-14360
Nota libre -- Enc. ed. en tela con hierros dorados
-- -- Enc. al final : Catalogue de livres de fonds : ouvrages historiques et philosophiques .-- Paris : Librairie Germer Baillière et C., 1879 (Imprimerie E. Martinet) .-- 32 p.
Holdings
Estatus retirado Estado de pérdida Estado de daño No para préstamo Colección Biblioteca de origen Biblioteca actual Ubicación en estantería Fecha de adquisición Fuente de adquisición Total de préstamos Signatura topográfica completa Código de barras Visto por última vez Precio de reemplazo Tipo de ítem Koha
        Libros del s. XIX Biblioteca del Ateneo de Madrid Biblioteca del Ateneo de Madrid Sala Pecera Planta 2 17/01/2008     F-14360 1163627 23/02/2023 23/02/2023 Libro impreso antiguo